F1 2024 Podium Drivers - Statistics

General Stats
  • This quiz has been taken 292 times
    99 since last reset
  • The average score is 86 of 90
Answer Stats
Race Pos. Driver % Correct
Bahrain P1 Max Verstappen
99%
Saudi Arabia P1 Max Verstappen
99%
Japan P1 Max Verstappen
99%
China (S) P1 Max Verstappen
99%
China P1 Max Verstappen
99%
Miami (S) P1 Max Verstappen
99%
Imola P1 Max Verstappen
99%
Canada P1 Max Verstappen
99%
Spain P1 Max Verstappen
99%
Austria (S) P1 Max Verstappen
99%
COTA (S) P1 Max Verstappen
99%
Brazil P1 Max Verstappen
99%
Qatar P1 Max Verstappen
99%
P2 Max Verstappen
99%
P2 Max Verstappen
99%
P2 Max Verstappen
99%
P2 Max Verstappen
99%
P3 Max Verstappen
99%
Miami P1 Lando Norris
98%
Netherlands P1 Lando Norris
98%
Singapore P1 Lando Norris
98%
Brazil (S) P1 Lando Norris
98%
Abu Dhabi P1 Lando Norris
98%
P2 Lando Norris
98%
P2 Lando Norris
98%
P2 Lando Norris
98%
P2 Lando Norris
98%
P2 Lando Norris
98%
P2 Lando Norris
98%
P2 Lando Norris
98%
P3 Lando Norris
98%
P3 Lando Norris
98%
P3 Lando Norris
98%
P3 Lando Norris
98%
P3 Lando Norris
98%
Monaco P1 Charles Leclerc
96%
Monza P1 Charles Leclerc
96%
COTA P1 Charles Leclerc
96%
P2 Charles Leclerc
96%
P2 Charles Leclerc
96%
P2 Charles Leclerc
96%
P2 Charles Leclerc
96%
P3 Charles Leclerc
96%
P3 Charles Leclerc
96%
P3 Charles Leclerc
96%
P3 Charles Leclerc
96%
P3 Charles Leclerc
96%
P3 Charles Leclerc
96%
P3 Charles Leclerc
96%
P3 Charles Leclerc
96%
Great Britain P1 Lewis Hamilton
96%
Belgium P1 Lewis Hamilton
96%
P2 Lewis Hamilton
96%
P2 Lewis Hamilton
96%
P3 Lewis Hamilton
96%
P3 Lewis Hamilton
96%
Australia P1 Carlos Sainz
94%
Mexico P1 Carlos Sainz
94%
P2 Carlos Sainz
94%
P2 Carlos Sainz
94%
P2 Carlos Sainz
94%
P3 Carlos Sainz
94%
P3 Carlos Sainz
94%
P3 Carlos Sainz
94%
P3 Carlos Sainz
94%
P3 Carlos Sainz
94%
Hungary P1 Oscar Piastri
92%
Azerbaijan P1 Oscar Piastri
92%
Qatar (S) P1 Oscar Piastri
92%
P2 Oscar Piastri
92%
P2 Oscar Piastri
92%
P2 Oscar Piastri
92%
P2 Oscar Piastri
92%
P2 Oscar Piastri
92%
P2 Oscar Piastri
92%
P3 Oscar Piastri
92%
P3 Oscar Piastri
92%
Austria P1 George Russell
91%
Las Vegas P1 George Russell
91%
P3 George Russell
91%
P3 George Russell
91%
P3 George Russell
91%
P2 Sergio Perez
89%
P2 Sergio Perez
89%
P2 Sergio Perez
89%
P3 Sergio Perez
89%
P3 Sergio Perez
89%
P3 Sergio Perez
89%
P2 Esteban Ocon
86%
P3 Pierre Gasly
85%
No matching quizzes found
Score Distribution
Percent of People with Each Score
Percentile by Number Answered
Your Score History
You have not taken this quiz since the last reset